El origen del hombre

I tiakina i:
Ngā taipitopito rārangi puna kōrero
Hōputu: Pukapuka
Reo:Pāniora
I whakaputaina: Barcelona Salvat Editores 1979
Ngā marau:
Ngā Tūtohu: Tāpirihia he Tūtohu
Kāore He Tūtohu, Me noho koe te mea tuatahi ki te tūtohu i tēnei pūkete!

MARC

LEADER 00000nam a2200000 a 4500
001 UCP7506
003 CL-VaPUC
008 991217e19790000SP |||||||||||||||||spa|d
082 0 4 |a 573.2  |b ORI  |2 21 
245 1 3 |a El origen del hombre 
300 |a 142 p 
942 |c BK 
945 |d 19991217 00:00:00  |a rherrera 
260 |a Barcelona  |b Salvat Editores  |c 1979 
650 7 |a ORIGEN DEL HOMBRE  |2 CL-VaPUC  |9 308324 
650 0 |a Antropología física  |9 308323 
650 0 |a Evolución humana   |9 266935 
650 0 |a Arqueología   |9 265619 
583 |a last modification  |c 19991217 00:00:00  |k Rodrigo Vera 
999 |c 284631  |d 284629 
952 |0 0  |1 0  |4 0  |6 573_200000000000000_ORI_1979  |7 0  |8 A  |9 328779  |a BIBHIS  |b BIBHIS  |d 2019-11-20  |i 1378309  |o 573.2 ORI 1979  |p 1378309  |r 2025-01-20  |w 2019-11-20  |y BK  |k HIS 
952 |0 0  |1 0  |4 0  |6 573_200000000000000_ORI_1979  |7 0  |8 A  |9 328780  |a BIBHIS  |b BIBHIS  |d 2019-11-20  |i 1378317  |o 573.2 ORI 1979  |p 1378317  |r 2025-01-20  |w 2019-11-20  |y BK  |k HIS